| 000 | 00641nam a22002177a 4500 | ||
|---|---|---|---|
| 003 | OSt | ||
| 005 | 20241008103814.0 | ||
| 008 | 240930b |||a|||| |||| 00| 0 eng d | ||
| 020 | _a8425412579 | ||
| 037 | _bDonación | ||
| 040 |
_aCO-JMCR _cCO-JMCR _bspa _dCO-JMCR _erda |
||
| 041 | 0 | _aspa | |
| 082 | 0 | 4 |
_a371.912 _bS96g _223 |
| 100 | 1 |
_aSuriá, María Dolores _943867 |
|
| 245 | 1 | 0 |
_aGuía para padres de niños sordos / _cMaría Dolores Suriá |
| 250 | _aSegunda edición. | ||
| 260 |
_aBarcelona : _bEditorial Herder, _c1982. |
||
| 300 |
_a334 páginas : _bilustraciones ; _c21 cm. |
||
| 500 | _aIncluye índice. | ||
| 942 |
_2ddc _cBK |
||
| 999 |
_c30841 _d17225 |
||